Wybierz prawdziwe Polskie kluby (Poziom trudny) - Statystyki

Ogólne statystyki
  • Ten quiz został rozwiązany 200 razy
  • Średni wynik to 10 z 27
Answers on the Grid
Answers color-coded by a green-red scale on the quiz's grid according to % correct below.
Arabia Olkusz
Bałtyk Gdynia
Bałtyk Kamień Pomorski
Boruta Zgierz
Czarni Świątniki
Drewno Kościan Dąbrówka Wielka
Garbarnia Kraków
GKP Gorzów Wielkopolski
Gryf Wejherowo
Hańcza Suwałki
Huragan Morąg
Iskra Połczyn-Zdrój
Kotwica Kórnik
KS Nowa Sól
KSZO Ostrowiec Świętokrzyski
Luciąża Przygłów
Miedź Gliwice
Mławianka Mława
Nysa Zgorzelec
OAT Sopot
Obra Kościan
Odra Bytom Odrzański
Odra Wodzisław Śląski
Olimpia Grudziądz
Olimpia Zambrów
Omega Kleszczów
Orzeł Marki
Pogoń Grodzisk Mazowiecki
Polonia Leszno
Polonia Piotrków Trybunalski
Polonia Zwardoń
Pompa Team Jarosławiec
Promień Zaskale
Puszcza Niepołomice
Puszcza Supraśl
Skra Leszno
Sokół Aleksandrów Łódzki
Sokół Kleczew
Starówka Aleksandria
Tarpan Mrocza
Ujście Działoszyn
Unia Swarzędz
Warta Gorzów Wielkopolski
Wigry Suwałki
Wisła Wisła
 
Statystyki odpowiedzi
Odpowiedź % Poprawnych
Bałtyk Gdynia
77%
Garbarnia Kraków
62%
Gryf Wejherowo
61%
Wigry Suwałki
59%
Olimpia Grudziądz
56%
Puszcza Niepołomice
55%
KSZO Ostrowiec Świętokrzyski
54%
Odra Wodzisław Śląski
49%
Pogoń Grodzisk Mazowiecki
49%
Sokół Kleczew
47%
Mławianka Mława
45%
Unia Swarzędz
44%
Warta Gorzów Wielkopolski
41%
Sokół Aleksandrów Łódzki
39%
Huragan Morąg
36%
Olimpia Zambrów
36%
Odra Bytom Odrzański
35%
Boruta Zgierz
31%
Kotwica Kórnik
28%
Polonia Leszno
21%
Pompa Team Jarosławiec
21%
Polonia Piotrków Trybunalski
20%
Obra Kościan
16%
Omega Kleszczów
12%
Nysa Zgorzelec
8%
Tarpan Mrocza
8%
Luciąża Przygłów
4%
Nie znaleziono quizów pasujących do podanych kryteriów
Rozkład punktacji
Procent ludzi z każdym wynikiem
Percentyl według liczby udzielonych odpowiedzi
Twoja historia wyników
Nie rozwiązałeś tego quizu